Лексикология английского языка: Учебник для институтов и факультетов иностранных языков. (Запис № 282442)

МАРК-запис
000 -LEADER
fixed length control field 01203nam a22001697a 4500
041 ## - LANGUAGE CODE
Language code of text/sound track or separate title eng
080 ## - UNIVERSAL DECIMAL CLASSIFICATION NUMBER
Universal Decimal Classification number 81.2
090 ## - LOCALLY ASSIGNED LC-TYPE CALL NUMBER (OCLC); LOCAL CALL NUMBER (OCLC)
Local cutter number (OCLC) ; Book number/undivided call number, CALL (RLIN) ГИН
100 ## - MAIN ENTRY--PERSONAL NAME
Personal name Гинзбург Р. З.
245 ## - TITLE STATEMENT
Title Лексикология английского языка: Учебник для институтов и факультетов иностранных языков.
250 ## - EDITION STATEMENT
Edition statement 2
260 ## - PUBLICATION, DISTRIBUTION, ETC. (IMPRINT)
Place of publication, distribution, etc Москва
Name of publisher, distributor, etc Высшая школа
Date of publication, distribution, etc 1979
300 ## - PHYSICAL DESCRIPTION
Extent 269
520 ## - SUMMARY, ETC.
Summary, etc Данная книга является вторым изданием учебника по лексикологии тех же авторов, вышедшего впервые в 1966 г.<br/>В учебнике нашли отражение такие вопросы лексикологии, как семаснология, структура слова, словосложение и словообразование, словосочитания и фразеологические единицы, этимология словарного состава английского языка, основы английской лексикографии и др..
-- Stylistic, structure, semantic
650 ## - SUBJECT ADDED ENTRY--TOPICAL TERM
Topical term or geographic name as entry element Linguistics
942 ## - ADDED ENTRY ELEMENTS (KOHA)
Koha item type Книги
Фонди
Withdrawn status Lost status Source of classification or shelving scheme Damaged status Not for loan Home library Current library Date acquired Source of acquisition Coded location qualifier Cost, normal purchase price Total Checkouts Full call number Barcode Date last seen Price effective from Koha item type
    Universal Decimal Classification     ВІЛ - Відділ іноземн. літератури НБ ВІЛ - Відділ іноземн. літератури НБ 08/08/2005 Акт № 5\05 А34 10.00   81.2 210002 30/11/2021 26/12/2005 Книги